000 00903nam a2200217Ia 4500
999 _c37977
_d37977
001 3960
003 GE_BSU
005 20190916123709.0
008 181216s2001||||ge |||||||||||||| ||geo||
040 _cGE_BSU
041 _ageo
080 _a338.43(479.223) მ–45
100 _aმგელაძე, შ.
_94022
245 _aსასოფლო – სამეურნეო წარმოების განვითარების საკითხები აჭარის მთიან ზონაში /
_cრედ. მ. ბერიძე.
264 _aბათუმი :
_bსაბჭ. აჭარა,
_c1979.
300 _a108 გვ. ;
_b20 სმ.
520 _aრეზ. რუს.
653 _aაჭარის სოფლის მეურნეობა
700 _aბერიძე, მ.
_eრედაქტორი
_92335
942 _cBK
_2udc